MLB - American League Home Run Leaders (1901-Present) - Statistics

General Stats
  • This quiz has been taken 356 times
  • The average score is 82 of 131
Answer Stats
Year (Dingers) AL Home Run Leader % Correct
1918 (11t) Babe Ruth Boston Red Sox
98%
1919 (29) Babe Ruth Boston Red Sox
98%
1920 (54) Babe Ruth New York Yankees
98%
1921 (59) Babe Ruth New York Yankees
98%
1923 (41) Babe Ruth New York Yankees
98%
1924 (46) Babe Ruth New York Yankees
98%
1926 (47) Babe Ruth New York Yankees
98%
1927 (60) Babe Ruth New York Yankees
98%
1928 (54) Babe Ruth New York Yankees
98%
1929 (46) Babe Ruth New York Yankees
98%
1930 (49) Babe Ruth New York Yankees
98%
1931 (46t) Babe Ruth New York Yankees
98%
2001 (52) Alex Rodriguez Texas Rangers
91%
2002 (57) Alex Rodriguez Texas Rangers
91%
2003 (47) Alex Rodriguez Texas Rangers
91%
2005 (48) Alex Rodriguez New York Yankees
91%
2007 (54) Alex Rodriguez New York Yankees
91%
1955 (37) Mickey Mantle New York Yankees
91%
1956 (52) Mickey Mantle New York Yankees
91%
1958 (42) Mickey Mantle New York Yankees
91%
1960 (40) Mickey Mantle New York Yankees
91%
1931 (46t) Lou Gehrig New York Yankees
90%
1934 (49) Lou Gehrig New York Yankees
90%
1936 (49) Lou Gehrig New York Yankees
90%
2017 (52) Aaron Judge New York Yankees
89%
2006 (54) David Ortiz Boston Red Sox
89%
1994 (40) Ken Griffey, Jr. Seattle Mariners
89%
1997 (56) Ken Griffey, Jr. Seattle Mariners
89%
1998 (56) Ken Griffey, Jr. Seattle Mariners
89%
1999 (48) Ken Griffey, Jr. Seattle Mariners
89%
1987 (49) Mark McGwire Oakland Athletics
89%
1996 (52) Mark McGwire Oakland Athletics
89%
1922 (39) Ken Williams St. Louis Browns
87%
2008 (37) Miguel Cabrera Detroit Tigers
87%
2012 (44) Miguel Cabrera Detroit Tigers
87%
1941 (37) Ted Williams Boston Red Sox
87%
1942 (36) Ted Williams Boston Red Sox
87%
1947 (32) Ted Williams Boston Red Sox
87%
1949 (43) Ted Williams Boston Red Sox
87%
2013 (53) Chris Davis Baltimore Orioles
85%
2015 (47) Chris Davis Baltimore Orioles
85%
1904 (10) Harry Davis Philadelphia Athletics
85%
1905 (8) Harry Davis Philadelphia Athletics
85%
1906 (12) Harry Davis Philadelphia Athletics
85%
1907 (8) Harry Davis Philadelphia Athletics
85%
1973 (32) Reggie Jackson Oakland Athletics
85%
1975 (36t) Reggie Jackson Oakland Athletics
85%
1980 (41t) Reggie Jackson New York Yankees
85%
1982 (39t) Reggie Jackson California Angels
85%
1961 (61) Roger Maris (*) New York Yankees
84%
1959 (42t) Harmon Killebrew Washington Senators
83%
1962 (48) Harmon Killebrew Minnesota Twins
83%
1963 (45) Harmon Killebrew Minnesota Twins
83%
1964 (49) Harmon Killebrew Minnesota Twins
83%
1967 (44t) Harmon Killebrew Minnesota Twins
83%
1969 (49) Harmon Killebrew Minnesota Twins
83%
1937 (46) Joe DiMaggio New York Yankees
81%
1948 (39) Joe DiMaggio New York Yankees
81%
1932 (58) Jimmie Foxx Philadelphia Athletics
80%
1933 (48) Jimmie Foxx Philadelphia Athletics
80%
1935 (36t) Jimmie Foxx Philadelphia Athletics
80%
1939 (35) Jimmie Foxx Boston Red Sox
80%
2010 (54) Jose Bautista Toronto Blue Jays
80%
2011 (43) Jose Bautista Toronto Blue Jays
80%
1967 (44t) Carl Yastrzemski Boston Red Sox
79%
1988 (42) Jose Canseco Oakland Athletics
79%
1991 (44t) Jose Canseco Oakland Athletics
79%
2004 (43) Manny Ramirez Boston Red Sox
73%
1990 (51) Cecil Fielder Detroit Tigers
71%
1991 (44t) Cecil Fielder Detroit Tigers
71%
1979 (45) Gorman Thomas Milwaukee Brewers
71%
1982 (39t) Gorman Thomas Milwaukee Brewers
71%
1909 (9) Ty Cobb Detroit Tigers
71%
1992 (43) Juan Gonzalez Texas Rangers
70%
1993 (46) Juan Gonzalez Texas Rangers
70%
1966 (49) Frank Robinson Baltimore Orioles
68%
1977 (39) Jim Rice Boston Red Sox
68%
1978 (46) Jim Rice Boston Red Sox
68%
1983 (39) Jim Rice Boston Red Sox
68%
1935 (36t) Hank Greenberg Detroit Tigers
67%
1938 (58) Hank Greenberg Detroit Tigers
67%
1940 (41) Hank Greenberg Detroit Tigers
67%
1946 (44) Hank Greenberg Detroit Tigers
67%
1995 (50) Albert Belle Cleveland Indians
66%
2016 (47) Mark Trumbo Baltimore Orioles
54%
1985 (40) Darrell Evans Detroit Tigers
53%
1981 (22t) Dwight Evans Boston Red Sox
53%
2009 (39t) Mark Teixeira New York Yankees
53%
1968 (44) Frank Howard Washington Senators
50%
1970 (44) Frank Howard Washington Senators
50%
1981 (22t) Eddie Murray Baltimore Orioles
47%
2000 (47) Troy Glaus Anaheim Angels
46%
2009 (39t) Carlos Pena Tampa Bay Rays
43%
1972 (37) Dick Allen Chicago White Sox
41%
1974 (32) Dick Allen Chicago White Sox
41%
2014 (40) Nelson Cruz Baltimore Orioles
38%
1911 (11) Frank Baker Philadelphia Athletics
36%
1912 (10t) Frank Baker Philadelphia Athletics
36%
1913 (12) Frank Baker Philadelphia Athletics
36%
1914 (9) Frank Baker Philadelphia Athletics
36%
1901 (14) Nap Lajoie Philadelphia Athletics
35%
1912 (10t) Tris Speaker Boston Red Sox
35%
1986 (40) Jesse Barfield Toronto Blue Jays
31%
1989 (36) Fred McGriff Toronto Blue Jays
30%
1981 (22t) Tony Armas Oakland Athletics
30%
1984 (43) Tony Armas Boston Red Sox
30%
1959 (42t) Rocky Colavito Cleveland Indians
29%
1952 (32) Larry Doby Cleveland Indians
27%
1954 (32) Larry Doby Cleveland Indians
27%
1950 (37) Al Rosen Cleveland Indians
19%
1953 (43) Al Rosen Cleveland Indians
19%
1925 (33) Bob Meusel New York Yankees
19%
1916 (12) Wally Pipp New York Yankees
17%
1917 (9) Wally Pipp New York Yankees
17%
1908 (7) Sam Crawford Detroit Tigers
14%
1943 (34) Rudy York Detroit Tigers
12%
1918 (11t) Tilly Walker Philadelphia Athletics
9%
1980 (41t) Ben Oglivie Milwaukee Brewers
8%
1971 (33) Bill Melton Chicago White Sox
6%
1976 (32) Greg Nettles New York Yankees
6%
1951 (33) Gus Zernial Chicago White Sox & Philadelphia Athletics
6%
1944 (22) Nick Etten New York Yankees
6%
1957 (42) Roy Sievers Washington Senators
6%
1981 (22t) Bobby Grich California Angels
5%
1975 (36t) George Scott Milwaukee Brewers
5%
1945 (24) Vern Stephens St. Louis Browns
5%
1965 (32) Tony Conigliaro Boston Red Sox
4%
1903 (13) Buck Freeman Boston Americans
3%
1902 (16) Socks Seybold Philadelphia Athletics
3%
1915 (7) Braggo Roth Chicago White Sox & Cleveland Indians
1%
1910 (10) Jake Stahl Boston Red Sox
1%
No matching quizzes found
Score Distribution
Percent of People with Each Score
Percentile by Number Answered
Your Score History
You have not taken this quiz